MARC

LEADER 00000nam0a2200000 4500
001 70318
005 20231031081345.0
035 |a (RuTPU)RU\TPU\book\74861 
090 |a 70318 
100 |a 20041119d1984 k y0rusy50 ca 
101 0 |a rus 
102 |a RU 
105 |a a z 001zy 
200 1 |a Многогрупповое приближение в теории переноса нейтронов  |f М. Н. Николаев, Б. Г. Рязанов, М. М. Савоськин, А. М. Цибуля 
210 |a Москва  |c Энергоатомиздат  |d 1984 
215 |a 252 с.  |c ил. 
300 |a Авт. указаны на обороте тит. л. 
320 |a Библиогр.: с. 242-250. 
610 1 |a ядерная физика 
610 1 |a нейтроны 
610 1 |a перенос 
610 1 |a расчеты 
610 1 |a нейтронные эффективные сечения 
610 1 |a многогрупповые методы 
610 1 |a приближения 
610 1 |a точность 
610 1 |a возмущений теория 
610 1 |a транспортное приближение 
675 |a 539.125.52  |v 3 
701 1 |a Николаев  |b М. Н.  |g Марк Николаевич 
701 1 |a Рязанов  |b Б. Г.  |g Борис Георгиевич 
701 1 |a Савоськин  |b М. М.  |g Михаил Михайлович 
701 1 |a Цибуля  |b А. М.  |g Анатолий Макарович 
801 1 |a RU  |b 63413507  |c 20041119  |g PSBO 
801 2 |a RU  |b 63413507  |c 20150508  |g PSBO 
900 |a Теория переноса нейтронов 
942 |c BK